MARC

LEADER 00000nam0a2200000 4500
001 159416
005 20231031155105.0
035 |a (RuTPU)RU\TPU\book\172907 
090 |a 159416 
100 |a 20090508d1968 m y0rusy5003 ca 
101 1 |a rus  |c ger 
102 |a RU 
105 |a a z 001ab 
200 1 |a Судьбы поэтов  |e Гельдерлин, Клейст, Гейне  |f А. И. Дейч 
210 |a Москва  |c Художественная литература  |d 1968 
215 |a 575 , [8] л. ил.  |d 21 см 
320 |a Указ. имен: с. 552-557 
600 1 |a Гельдерлин  |b Ф.  |g Фридрих  |c немецкий поэт-романтик  |f 1770-1843  |2 stltpush  |3 (RuTPU)RU\TPU\pers\12261 
600 1 |a Клейст  |b Г. фон  |g Генрих  |c немецкий писатель-романтик  |f 1777-1811  |2 stltpush  |3 (RuTPU)RU\TPU\pers\12262 
600 1 |a Гейне  |g Генрих  |b Г.  |c немецкий поэт и публицист  |f 1797-1856  |2 stltpush  |3 (RuTPU)RU\TPU\pers\102 
610 1 |a Немецкая поэзия 
610 1 |a немецкие поэты 
610 1 |a 18 век 
610 1 |a 19 век 
610 1 |a биографическая проза 
675 |a 83  |z rus 
700 1 |a Дейч  |b А. И.  |g Александр Иосифович  |4 070 
801 0 |a RU  |b RuMRKP  |c 19950417  |g psbo 
801 1 |a RU  |b 63413507  |c 20090508  |g PSBO 
801 2 |a RU  |b 63413507  |c 20090508  |g PSBO 
942 |c BK